[Event "Mondiale Semilampo FIDE 2014"]
[Site "Dubai"]
[Date "17.06.2014"]
[Round "7.35"]
[White "Ganguly, Surya Shekhar"]
[Black "Debashis, Das"]
[Result "1/2-1/2"]
[WhiteTitle "GM"]
[BlackTitle "GM"]
[WhiteElo "2619"]
[BlackElo "2484"]
[WhiteFideId "5002150"]
[BlackFideId "5024854"]
[EventDate "2014.06.16"]

1. d4 Nf6 2. c4 e6 3. g3 d5 4. Nf3 Be7 5. Bg2 O-O 6. O-O dxc4 7. Qc2 a6 8. Qxc4
b5 9. Qc2 Bb7 10. Bd2 Bd6 11. a3 Nbd7 12. Ba5 Qc8 13. b4 e5 14. dxe5 Nxe5 15.
Nbd2 Nc6 16. Nb3 Nxa5 17. Nxa5 Be4 18. Qa2 c5 19. Rfd1 Be7 20. Ne5 Bxg2 21. Kxg2
c4 22. Nec6 Qe6 23. Rac1 Rac8 24. Nd4 Qd5+ 25. f3 Qa8 26. Nf5 Rfe8 27. Qb2 Bf8
28. Kf1 Re6 29. Rc2 Ng4 30. Qd4 Ne5 31. Qd5 Qxd5 32. Rxd5 g6 33. Nd4 Rd6 34.
Rxd6 Bxd6 35. Nab3 Kg7 36. Nd2 Nc6 37. Nxc6 Rxc6 38. e4 Kf6 39. Ke2 Ke6 40. f4
Kd7 41. Nf3 f6 42. Ke3 Bc7 43. Rd2+ Rd6 44. Rxd6+ Kxd6 45. Kd4 Bb6+ 46. Kc3 Be3
47. a4 Ke6 48. axb5 axb5 49. Ne1 Bg1 50. Nf3 Bf2 51. g4 Be3 52. f5+ gxf5 53.
gxf5+ Kd6 54. h3 Bf2 55. Kc2 Be3 56. Kc3 Bf2 57. Kd2 Bb6 58. Ke2 Ba7 59. Kd2 Bb6
60. Ke2 Ba7 61. Kd2 Bb6 62. Kc3 Be3 63. Kc2 Bb6 64. Kd2 Ba7 65. Kc2 1/2-1/2

[Event "Mondiale Semilampo FIDE 2014"]
[Site "Dubai"]
[Date "17.06.2014"]
[Round "7.39"]
[White "Ghaem Maghami, Ehsan"]
[Black "Eljanov, Pavel"]
[Result "1/2-1/2"]
[WhiteTitle "GM"]
[BlackTitle "GM"]
[WhiteElo "2582"]
[BlackElo "2723"]
[WhiteFideId "12500739"]
[BlackFideId "14102951"]
[EventDate "2014.06.16"]

1. e4 c6 2. d4 d5 3. exd5 cxd5 4. c4 Nf6 5. Nc3 Nc6 6. Bf4 g6 7. c5 Bg7 8. Bb5
O-O 9. Nge2 Ne4 10. O-O Nxc3 11. bxc3 Bd7 12. Re1 Na5 13. Bd3 b6 14. cxb6 axb6
15. Qd2 b5 16. Bh6 e6 17. h4 Bxh6 18. Qxh6 Qf6 19. Ng3 Qg7 20. Qf4 Rfc8 21. h5
g5 22. Qd6 Rd8 23. Rab1 h6 24. Qc7 Nc4 25. Bxc4 dxc4 26. Ne4 Rac8 27. Qg3 Bc6
28. Nd6 Rb8 29. a4 b4 30. Nxc4 Bxa4 31. Ne3 f5 32. Nc4 Bc2 33. Rxb4 Rxb4 34.
cxb4 Qxd4 35. Qc7 Qd7 36. Qxd7 Rxd7 37. Rxe6 Rd1+ 38. Kh2 Rd4 39. Ne3 Bd3 40. b5
Kg7 41. b6 Rh4+ 42. Kg1 Rb4 43. Rd6 Rb3 44. Nd5 Be4 45. Ne3 f4 46. Ng4 f3 47.
gxf3 Bxf3 48. Rg6+ Kf8 49. Ne5 Bxh5 50. Rxh6 Be8 51. Re6 Rb5 52. Kh2 Rb3 53. f3
Rb5 54. Kg3 Rb4 55. Kf2 Rb3 56. Kg2 Rb2+ 57. Kg3 Rb4 58. Kf2 Rb3 59. Ke2 Bh5 60.
Kd2 Bxf3 61. Rf6+ Ke7 62. Rxf3 Rxb6 63. Ke3 Ke6 64. Nd3 Rb3 65. Ke4 Rb5 66. Rf8
Ra5 67. Rb8 Ra4+ 68. Nb4 Kf6 69. Rb6+ Kg7 70. Kf3 Ra1 71. Nd5 Ra4 72. Ne3 Kf7
73. Ng4 Kg7 74. Ne5 Rf4+ 75. Kg3 Rf5 76. Nf3 Kf7 77. Rb3 Kg6 78. Rb6+ Rf6 79.
Rb5 Rf5 80. Rb8 Kf6 81. Rb6+ Kg7 82. Nd4 Rd5 83. Ne6+ Kf7 84. Kg4 Ke7 85. Ng7
Rd1 86. Nf5+ Kd7 87. Kxg5 Kc7 88. Rh6 Rg1+ 89. Kf6 Rf1 90. Ke5 Re1+ 91. Kd5 Rd1+
92. Nd4 Kd7 93. Rh7+ Ke8 94. Ke6 Re1+ 95. Kf6 Rf1+ 96. Nf5 Kd8 97. Rf7 Kc8 98.
Ke6 Kb8 99. Kd6 Rd1+ 100. Ke5 Re1+ 101. Kd5 Rf1 102. Ke4 Re1+ 103. Ne3 Kc8 104.
Kd4 Kd8 105. Nd5 Ke8 106. Ra7 Kf8 107. Nf4 Ke8 108. Kd5 Re7 109. Ra8+ Kf7 110.
Nd3 Kf6 111. Nc5 Re1 112. Ne4+ Kg6 113. Ke5 Kf7 114. Ra6 Kg7 115. Ra3 Kf7 116.
Rb3 Kg7 117. Rf3 Kg6 118. Rf6+ Kg7 119. Rb6 Kf7 120. Rb4 Kg6 121. Ke6 Kg7 122.
Ke5 Kg6 123. Rb7 Re2 124. Rb6+ Kg7 125. Kf5 Re1 126. Rb7+ Kh6 127. Ng3 Re7 128.
Rb6+ Kg7 129. Nh5+ Kf7 130. Nf4 Ra7 131. Ng6 Ra5+ 132. Ne5+ Ke7 133. Rb7+ Kd6
134. Rd7+ Kc5 135. Ke4 Ra4+ 136. Kd3 Rh4 137. Kc3 Rh3+ 138. Nd3+ Kc6 139. Rd4
Kc7 140. Kc4 Kc6 141. Ne5+ Kc7 142. Rd7+ Kb6 143. Rd6+ Kc7 144. Re6 Rh1 145. Kc5
Rc1+ 146. Nc4 Kd7 147. Re4 Rc3 1/2-1/2

[Event "Mondiale Semilampo FIDE 2014"]
[Site "Dubai"]
[Date "17.06.2014"]
[Round "7.40"]
[White "Ringoir, Tanguy"]
[Black "Mamedov, Rauf"]
[Result "1/2-1/2"]
[WhiteTitle "IM"]
[BlackTitle "GM"]
[WhiteElo "2506"]
[BlackElo "2659"]
[WhiteFideId "208027"]
[BlackFideId "13401653"]
[EventDate "2014.06.16"]

1. d4 d6 2. e4 Nf6 3. f3 g6 4. c4 Bg7 5. Nc3 O-O 6. Be3 c5 7. Nge2 Nc6 8. d5 Ne5
9. Ng3 h5 10. Be2 e6 11. O-O exd5 12. cxd5 a6 13. a4 Bd7 14. Qd2 Nh7 15. Nh1 f5
16. Nf2 Qf6 17. exf5 gxf5 18. Nh3 Rae8 19. Nf4 Qf7 20. Kh1 Ng6 21. Rfe1 h4 22.
Bc4 Ne5 23. Ba2 c4 24. Bf2 h3 25. Nxh3 f4 26. Ng1 Ng5 27. Ne4 Nxe4 28. Rxe4 b5
29. axb5 axb5 30. Rae1 Bf5 31. Bb1 Bxe4 32. Bxe4 Bh6 33. Ra1 Ra8 34. Rd1 Ra2 35.
Ne2 Rfa8 36. Nd4 Ra1 37. Bb1 Qxd5 38. Be4 Qf7 39. Nf5 Bg7 40. Bd5 Nd3 41. Bxf7+
Kxf7 42. Bg1 Bxb2 43. Nxd6+ Kf8 44. Nxb5 Rxd1 45. Qxd1 Ra1 46. Qe2 Re1 47. Qc2
Bc1 48. h4 Be3 49. Qxc4 Rxg1+ 50. Kh2 Ne1 51. Qc8+ Kg7 52. Qd7+ Kh6 53. Qe6+ Kh7
54. Qf7+ Kh6 55. Qf6+ Kh7 56. Qf5+ Kh6 57. Qg5+ Kh7 58. Qh5+ Kg7 59. Qg4+ Kh6
60. Nd6 Rxg2+ 61. Qxg2 Nxg2 62. Kxg2 Kh5 63. Kh3 Bd4 64. Ne4 Be5 65. Nc5 Bf6 66.
Nd3 Bxh4 67. Nxf4+ Kg5 68. Nd3 Kh5 69. Nf4+ Kg5 70. Ne6+ Kh5 71. Ng7+ Kg5 72.
f4+ Kxf4 73. Kxh4 Ke5 1/2-1/2

[Event "Mondiale Semilampo FIDE 2014"]
[Site "Dubai"]
[Date "17.06.2014"]
[Round "7.41"]
[White "Lenic, Luka"]
[Black "Michalik, Peter"]
[Result "1/2-1/2"]
[WhiteTitle "GM"]
[BlackTitle "GM"]
[WhiteElo "2659"]
[BlackElo "2557"]
[WhiteFideId "14603853"]
[BlackFideId "14907526"]
[EventDate "2014.06.16"]

1. d4 d5 2. c4 c6 3. e3 Nf6 4. Nc3 e6 5. Nf3 Nbd7 6. b3 Bd6 7. Bd3 O-O 8. O-O e5
9. cxd5 cxd5 10. Nb5 Bb8 11. dxe5 Nxe5 12. Nbd4 Nxd3 13. Qxd3 Bg4 14. Ba3 Re8
15. Qb5 Qd7 16. Rac1 a6 17. Qxd7 Bxd7 18. Rfd1 Ne4 19. h3 h6 20. Ne2 Be6 21. Nc3
Nxc3 22. Rxc3 a5 23. Bc5 a4 24. b4 d4 25. Nxd4 Bxa2 26. Ra1 Be6 27. Rca3 Bd7 28.
b5 Be5 29. Rxa4 Rac8 30. Bb6 Bxd4 31. Bxd4 Bxb5 32. Ra5 Bc6 33. f3 Rcd8 34. Kf2
f6 35. g4 Rd5 36. Rxd5 Bxd5 37. e4 Bc6 38. Ke3 Kf7 39. h4 g6 40. Ra5 Re7 41. h5
Re8 42. hxg6+ Kxg6 43. Rf5 Re6 44. Kf2 Kg7 45. Rh5 Re8 46. Kg3 Kg6 47. Be3 Rh8
48. Bf4 Rh7 49. Kf2 Rh8 50. Ke3 Rh7 51. Bd6 Bd7 52. Bb4 Rh8 53. Rd5 Be6 54. Rd6
Re8 55. Bc3 Kf7 56. Rb6 Re7 57. f4 Bxg4 58. Rxf6+ Kg7 59. f5 Kh7 60. Kf4 Bd1 61.
Rd6 Bc2 62. e5 Rc7 63. Bd4 Rf7 64. f6 Kg6 65. Rd8 Bb3 66. Rg8+ Kh7 67. Re8 Kg6
68. Ke4 Bc2+ 69. Kf4 Bb3 70. Ke4 Bc2+ 71. Kd5 Rd7+ 72. Kc4 Rc7+ 73. Kb4 Kf7 74.
Rh8 Bd3 75. Bc5 Ke6 76. Bd6 Rh7 77. Re8+ Kd7 78. Rf8 Bg6 79. Kc5 Ke6 80. Rg8 Bf7
81. Rb8 Bg6 82. Kd4 h5 83. Be7 h4 84. Rxb7 h3 85. Rb6+ Kf5 86. e6 h2 87. f7 h1=Q
88. f8=Q+ Kg4 89. Rb4 Rh5 90. Ke3+ Kh3 91. Qf3+ Qxf3+ 92. Kxf3 Rf5+ 93. Ke3 Re5+
94. Kf2 Re4 95. Rb6 Bf5 96. Rb5 Bxe6 97. Rh5+ Kg4 98. Rg5+ Kf4 1/2-1/2

[Event "Mondiale Semilampo FIDE 2014"]
[Site "Dubai"]
[Date "17.06.2014"]
[Round "7.42"]
[White "Salgado Lopez, Ivan"]
[Black "Vahidov, Tair"]
[Result "1/2-1/2"]
[WhiteTitle "GM"]
[BlackTitle "GM"]
[WhiteElo "2622"]
[BlackElo "2446"]
[WhiteFideId "2257327"]
[BlackFideId "14200155"]
[EventDate "2014.06.16"]

1. e4 e5 2. Nf3 Nf6 3. Nxe5 d6 4. Nf3 Nxe4 5. d4 d5 6. Bd3 Bd6 7. O-O O-O 8. c4
c6 9. Qc2 Na6 10. a3 Bg4 11. Bxe4 dxe4 12. Qxe4 Bxf3 13. gxf3 f5 14. Qe6+ Kh8
15. f4 Qh4 16. Qe3 Rf6 17. Kh1 Rg6 18. Qf3 Re8 19. Nc3 Rh6 20. Qg3 Qh5 21. Bd2
Rg6 22. Qd3 Rh6 23. Qg3 Rg6 24. Qd3 Rh6 25. Qg3 Rg6 26. Qd3 Rh6 27. Qg3 Rg6 28.
Qd3 Rh6 29. h3 Qg4 30. Kh2 Re3 1/2-1/2

[Event "Mondiale Semilampo FIDE 2014"]
[Site "Dubai"]
[Date "17.06.2014"]
[Round "7.43"]
[White "Kayumov, Sergey"]
[Black "Salem, A.R. Saleh"]
[Result "1/2-1/2"]
[WhiteTitle "GM"]
[BlackTitle "GM"]
[WhiteElo "2505"]
[BlackElo "2581"]
[WhiteFideId "14200880"]
[BlackFideId "9301348"]
[EventDate "2014.06.16"]

1. d4 Nf6 2. Nf3 g6 3. Bf4 Bg7 4. e3 d6 5. h3 O-O 6. Be2 Nc6 7. O-O Nd7 8. Bh2
e5 9. c4 f5 10. Nc3 g5 11. dxe5 dxe5 12. c5 e4 13. Bc4+ Kh8 14. Nd4 Nde5 15.
Nxc6 Qxd1 16. Raxd1 Nxc4 17. Nd4 c6 18. b3 Nb2 19. Rd2 Nd3 20. f3 Re8 21. fxe4
Nxc5 22. exf5 Bf6 23. b4 Nd7 24. e4 Kg8 25. Rc1 Nb6 26. Nf3 Nc4 27. Re2 h6 28.
e5 Be7 29. g4 b5 30. Ne4 a5 31. bxa5 Rxa5 32. Nd4 Ra6 33. e6 Kg7 34. Rxc4 bxc4
35. Be5+ Kh7 36. f6 c5 37. fxe7 cxd4 38. Nf6+ Kg6 39. Nxe8 Rxe6 40. Nd6 Bd7 41.
Kf2 d3 42. Re3 d2 43. Ke2 c3 44. e8=Q+ Rxe8 45. Rxc3 Rxe5+ 46. Kxd2 h5 47. gxh5+
Kxh5 48. Nc4 Rd5+ 49. Rd3 Rxd3+ 50. Kxd3 Bxh3 51. Ne3 Kh4 52. a4 Kg3 53. Kd4 Kf3
54. Nc4 Bc8 55. a5 Ba6 56. Ne5+ Kf4 57. Ng6+ Kf5 58. Ne5 Bb7 59. Nc4 Kf4 60. Ne5
Ba6 61. Ng6+ Kg4 62. Ne5+ Kf5 63. Nf7 g4 64. Nh6+ Kf4 65. Nxg4 Kxg4 66. Kc5 1/2-1/2

[Event "Mondiale Semilampo FIDE 2014"]
[Site "Dubai"]
[Date "17.06.2014"]
[Round "7.44"]
[White "Fedoseev, Vladimir3"]
[Black "Al Qudaimi, Basheer"]
[Result "1-0"]
[WhiteTitle "GM"]
[BlackTitle "IM"]
[WhiteElo "2662"]
[BlackElo "2396"]
[WhiteFideId "24130737"]
[BlackFideId "9400346"]
[EventDate "2014.06.16"]

1. d4 d5 2. c4 e6 3. Nc3 c6 4. e3 Nd7 5. Nf3 Ngf6 6. Qc2 Bd6 7. Bd3 dxc4 8. Bxc4
a6 9. O-O O-O 10. Rd1 Qe7 11. e4 e5 12. Bg5 h6 13. Bh4 b5 14. Bb3 Bb7 15. Bg3 g5
16. dxe5 Bxe5 17. Nxe5 Nxe5 18. a4 b4 19. Nb1 c5 20. Nd2 Rac8 21. Bxe5 Qxe5 22.
f3 g4 23. Nc4 Qg5 24. Qd2 Qg7 25. e5 Nh5 26. f4 g3 27. h3 Be4 28. Nd6 Qg6 29.
Re1 Bf5 30. Bd1 Rcd8 31. Bxh5 Qxh5 32. Re3 Kh8 33. Rc1 Rg8 34. Rxc5 Be6 35. Qd3
f5 36. Rc7 Rb8 37. Qd4 Ra8 38. Nf7+ Bxf7 39. e6+ Rg7 40. Rxg3 1-0

[Event "Mondiale Semilampo FIDE 2014"]
[Site "Dubai"]
[Date "17.06.2014"]
[Round "7.45"]
[White "Goloshchapov, Alexander"]
[Black "Sriram, Jha"]
[Result "1-0"]
[WhiteTitle "GM"]
[BlackTitle "GM"]
[WhiteElo "2586"]
[BlackElo "2375"]
[WhiteFideId "14103222"]
[BlackFideId "5001668"]
[EventDate "2014.06.16"]

1. d4 d5 2. c4 c6 3. Nc3 Nf6 4. e3 a6 5. Nf3 b5 6. b3 Bg4 7. Be2 e6 8. O-O Nbd7
9. h3 Bh5 10. Bb2 Bd6 11. Ne5 Bxe2 12. Nxe2 Qc7 13. Qc2 bxc4 14. bxc4 O-O 15.
Nd3 Rfc8 16. Rfc1 Qd8 17. Rab1 c5 18. dxc5 Nxc5 19. Bxf6 Qxf6 20. cxd5 exd5 21.
Rb6 Ne6 22. Qxc8+ Rxc8 23. Rxc8+ Nf8 24. Nef4 Qf5 25. Ra8 Bc7 26. Rb7 Bd6 27.
Rb6 Bc7 28. Rc6 Qd7 29. Rc5 Bd6 30. Rxd5 Qb7 31. Re8 Qc7 32. Rd4 g6 33. Nd5 Qc6
34. Ne7+ Bxe7 35. Rxe7 Ne6 36. Rdd7 Nf8 37. Rd8 Qb6 38. Ree8 Kg7 39. Rxf8 Qb1+
40. Kh2 Qxa2 41. Ne5 f5 42. Rf7+ Kh6 43. Rdd7 Qxf2 44. Ng4+ 1-0

[Event "Mondiale Semilampo FIDE 2014"]
[Site "Dubai"]
[Date "17.06.2014"]
[Round "7.46"]
[White "Kovalev, Vladislav"]
[Black "Hilwani, Talal"]
[Result "1-0"]
[WhiteTitle "GM"]
[WhiteElo "2554"]
[BlackElo "2274"]
[WhiteFideId "13504398"]
[BlackFideId "7600410"]
[EventDate "2014.06.16"]

1. e4 c5 2. Nf3 a6 3. c4 e6 4. Nc3 Qc7 5. d4 cxd4 6. Nxd4 Nf6 7. Be3 Bb4 8. Bd3
O-O 9. O-O Bxc3 10. bxc3 d6 11. f4 Nbd7 12. Nb3 b6 13. Qf3 Bb7 14. Rae1 d5 15.
cxd5 exd5 16. exd5 Bxd5 17. Qg3 Qxc3 18. Bd4 Qb4 19. Bc3 Qa4 20. Re7 g6 21. f5
Ne4 22. fxg6 hxg6 23. Bxe4 Bxe4 24. Qh4 Bd5 1-0

[Event "Mondiale Semilampo FIDE 2014"]
[Site "Dubai"]
[Date "17.06.2014"]
[Round "7.47"]
[White "Lu, Shanglei"]
[Black "Nezad, Husein Aziz"]
[Result "1-0"]
[WhiteTitle "GM"]
[BlackTitle "IM"]
[WhiteElo "2546"]
[BlackElo "2365"]
[WhiteFideId "8603332"]
[BlackFideId "12100293"]
[EventDate "2014.06.16"]

1. e4 e5 2. Nc3 Nf6 3. g3 Nc6 4. Bg2 Bc5 5. Nge2 d6 6. h3 a6 7. d3 Be6 8. Nd5
Qd7 9. Bg5 Ng8 10. c3 f6 11. Be3 Bxe3 12. Nxe3 Nge7 13. d4 exd4 14. cxd4 Bf7 15.
d5 Ne5 16. f4 N5g6 17. Nd4 c5 18. Ne6 Bxe6 19. dxe6 Qxe6 20. f5 Qe5 21. fxg6
Qxg3+ 22. Kd2 hxg6 23. Qg4 Qe5 24. Kc2 f5 25. exf5 Qxe3 26. Rae1 Qf2+ 27. Re2
Qxf5+ 28. Qxf5 gxf5 29. Rhe1 O-O-O 30. Rxe7 Rd7 31. Bd5 Kd8 32. Rxd7+ Kxd7 33.
Rg1 Rh7 34. Bxb7 Ke7 35. Bxa6 Kf6 36. Rg3 d5 37. a4 g5 38. Bf1 c4 39. a5 Ra7 40.
Ra3 Ke5 41. a6 Kd4 42. Ra5 1-0

[Event "Mondiale Semilampo FIDE 2014"]
[Site "Dubai"]
[Date "17.06.2014"]
[Round "7.49"]
[White "Taleb, Moussa"]
[Black "Moradiabadi, Elshan"]
[Result "0-1"]
[WhiteTitle "GM"]
[BlackTitle "GM"]
[WhiteElo "2406"]
[BlackElo "2586"]
[WhiteFideId "9300201"]
[BlackFideId "12501255"]
[EventDate "2014.06.16"]

1. Nf3 d6 2. d4 f5 3. g3 Nf6 4. Bg2 g6 5. O-O Bg7 6. c4 O-O 7. Nc3 e6 8. Bg5 h6
9. Bxf6 Qxf6 10. e3 Nc6 11. Rc1 g5 12. d5 Nd8 13. dxe6 Nxe6 14. b3 Bd7 15. Nd5
Qf7 16. Qd2 Rad8 17. Nc3 Kh8 18. h4 Qh5 19. Ne2 Bf6 20. hxg5 hxg5 21. Ned4 Nc5
22. Qc2 f4 23. b4 Na6 24. a3 g4 25. Qe4 fxg3 26. fxg3 Rde8 27. Qxb7 gxf3 28.
Rxf3 Rxe3 29. Nc2 Rxf3 30. Bxf3 Qg5 0-1

[Event "Mondiale Semilampo FIDE 2014"]
[Site "Dubai"]
[Date "17.06.2014"]
[Round "7.50"]
[White "Mchedlishvili, Mikheil"]
[Black "Omar, Noaman"]
[Result "1-0"]
[WhiteTitle "GM"]
[BlackTitle "IM"]
[WhiteElo "2632"]
[BlackElo "2366"]
[WhiteFideId "13600966"]
[BlackFideId "9300244"]
[EventDate "2014.06.16"]

1. Nf3 d5 2. c4 d4 3. g3 c5 4. Bg2 Nc6 5. O-O Nf6 6. e3 e6 7. exd4 cxd4 8. d3
Be7 9. Na3 O-O 10. Nc2 a5 11. Re1 Bc5 12. b3 Nd7 13. a3 e5 14. Bd2 Bd6 15. b4
Re8 16. c5 Bc7 17. Qe2 Ne7 18. Nh4 Rb8 19. Rac1 h6 20. Na1 Nf6 21. b5 b6 22. c6
Bg4 23. Qf1 Be6 24. Nf3 Ng6 25. a4 Qd6 26. Qe2 Rbd8 27. Qd1 Bd5 28. Qc2 Ng4 29.
h3 Nf6 30. Nb3 Qa3 31. Rb1 Qxa4 32. Nbxd4 Qxc2 33. Nxc2 e4 34. dxe4 Bxe4 35.
Rxe4 Nxe4 36. Be1 Nc5 37. Ne3 Nd3 38. Bc3 Bxg3 39. fxg3 Rxe3 40. Bd4 Re2 41.
Bxb6 a4 42. Bxd8 a3 43. Bf1 Re3 44. c7 a2 45. Ra1 Rxf3 46. c8=Q 1-0

[Event "Mondiale Semilampo FIDE 2014"]
[Site "Dubai"]
[Date "17.06.2014"]
[Round "7.51"]
[White "Savchenko, Boris"]
[Black "Breckenridge, Steven James"]
[Result "1-0"]
[WhiteTitle "GM"]
[BlackTitle "FM"]
[WhiteElo "2581"]
[BlackElo "2299"]
[WhiteFideId "4147332"]
[BlackFideId "2043700"]
[EventDate "2014.06.16"]

1. e4 e5 2. Nf3 Nc6 3. Bb5 a6 4. Ba4 Nf6 5. O-O b5 6. Bb3 Bb7 7. Re1 Bc5 8. c3
d6 9. d4 Bb6 10. a4 h6 11. axb5 axb5 12. Rxa8 Qxa8 13. Na3 exd4 14. cxd4 O-O 15.
Nxb5 Re8 16. e5 dxe5 17. dxe5 Rd8 18. Qc2 Nb4 19. Qc4 Bd5 20. Qxb4 Ba5 21. Bxd5
Bxb4 22. Bxa8 Bxe1 23. Nxe1 Rd1 24. Kf1 Ng4 25. Bf4 Rb1 26. Nxc7 Rxb2 27. Bg3 h5
28. h3 h4 29. hxg4 hxg3 30. fxg3 Ra2 31. Bd5 Ra5 32. e6 fxe6 33. Bxe6+ Kf8 34.
Nd5 Ra6 35. Nf4 Ke7 36. Nf3 Ra5 37. Kf2 g5 38. Bf5 gxf4 39. gxf4 Ra4 40. Kg3 Kf6
41. Ne5 Ra3+ 42. Bd3 Ke6 43. g5 Rb3 44. Kg4 Rb2 45. g3 Rg2 46. Bc4+ Ke7 47. Ng6+
Ke8 48. f5 Rc2 49. Be6 Rc6 50. Bd7+ 1-0

[Event "Mondiale Semilampo FIDE 2014"]
[Site "Dubai"]
[Date "17.06.2014"]
[Round "8.32"]
[White "Debashis, Das"]
[Black "Matlakov, Maxim"]
[Result "0-1"]
[WhiteTitle "GM"]
[BlackTitle "GM"]
[WhiteElo "2484"]
[BlackElo "2689"]
[WhiteFideId "5024854"]
[BlackFideId "4168003"]
[EventDate "2014.06.16"]

1. d4 d5 2. c4 c6 3. Nf3 Nf6 4. Nc3 e6 5. e3 Nbd7 6. Qc2 Bd6 7. Be2 O-O 8. O-O
b6 9. b3 Bb7 10. Bb2 Qe7 11. Rad1 Rad8 12. e4 Nxe4 13. Nxe4 dxe4 14. Qxe4 f5 15.
Qc2 c5 16. d5 e5 17. Qd2 Bc8 18. Rde1 Rde8 19. Bd1 e4 20. Ng5 Ne5 21. Bc2 Ng4
22. f4 Nxh2 23. Kxh2 Qxg5 24. g3 Qg6 25. Kg2 Be7 26. Be5 Bf6 27. Qc3 Re7 28. Rh1
Qe8 29. Bxf6 Rxf6 30. Qe3 Qd8 31. Rh4 Qd6 32. Reh1 h6 33. Bd1 Bd7 34. g4 fxg4
35. Rf1 Ref7 36. Be2 Rxf4 37. Rxf4 Rxf4 38. Rh1 Qf6 39. Rf1 Rxf1 40. Bxf1 Qf3+ 0-1

[Event "Mondiale Semilampo FIDE 2014"]
[Site "Dubai"]
[Date "17.06.2014"]
[Round "8.34"]
[White "Eljanov, Pavel"]
[Black "Goloshchapov, Alexander"]
[Result "1-0"]
[WhiteTitle "GM"]
[BlackTitle "GM"]
[WhiteElo "2723"]
[BlackElo "2586"]
[WhiteFideId "14102951"]
[BlackFideId "14103222"]
[EventDate "2014.06.16"]

1. d4 d5 2. c4 e6 3. Nf3 Nf6 4. g3 dxc4 5. Bg2 Nc6 6. Qa4 Bd7 7. Qxc4 Na5 8. Qd3
c5 9. Nc3 Bc6 10. O-O Be7 11. Rd1 O-O 12. e4 Qb6 13. Be3 Rfd8 14. Ne5 cxd4 15.
Bxd4 Qc7 16. Rac1 Bc5 17. Nd5 exd5 18. Rxc5 Nxe4 19. Rcc1 Qe7 20. Ng4 b6 21. Ne3
Qe6 22. b4 Nc4 23. Bxe4 Nxe3 24. Bxh7+ 1-0

[Event "Mondiale Semilampo FIDE 2014"]
[Site "Dubai"]
[Date "17.06.2014"]
[Round "8.35"]
[White "Mamedov, Rauf"]
[Black "Al-Modiahki, Mohamad"]
[Result "1-0"]
[WhiteTitle "GM"]
[BlackTitle "GM"]
[WhiteElo "2659"]
[BlackElo "2549"]
[WhiteFideId "13401653"]
[BlackFideId "12100030"]
[EventDate "2014.06.16"]

1. e4 c5 2. Nf3 Nc6 3. Bb5 g6 4. c3 Bg7 5. d4 cxd4 6. cxd4 Nf6 7. Nc3 d5 8. Ne5
Bd7 9. Nxd7 Qxd7 10. e5 Ng8 11. Na4 Nh6 12. O-O O-O 13. Bf4 Rad8 14. Rc1 Nf5 15.
Nc5 Qc7 16. Bxc6 Qxc6 17. g4 Nh6 18. Qd2 b6 19. Nd3 Qe6 20. f3 Nxg4 21. fxg4
Qxg4+ 22. Qg2 Qd7 23. Nb4 e6 24. Nc2 Rc8 25. Ne3 Qa4 26. Rcd1 f5 27. exf6 Bxf6
28. Kh1 Bxd4 29. b3 Qb4 30. Nc2 Rxc2 31. Qxc2 Bg7 32. Bg3 1-0

[Event "Mondiale Semilampo FIDE 2014"]
[Site "Dubai"]
[Date "17.06.2014"]
[Round "8.36"]
[White "Moiseenko, Alexander"]
[Black "Lu, Shanglei"]
[Result "1-0"]
[WhiteTitle "GM"]
[BlackTitle "GM"]
[WhiteElo "2707"]
[BlackElo "2546"]
[WhiteFideId "14102560"]
[BlackFideId "8603332"]
[EventDate "2014.06.16"]

1. d4 f5 2. Bg5 g6 3. Nc3 Nf6 4. h4 h6 5. Bxf6 exf6 6. Nh3 h5 7. Nf4 Kf7 8. e3
Bh6 9. Bc4+ Kg7 10. Nxg6 Kxg6 11. Qxh5+ Kh7 12. Qf7+ Bg7 13. Nd5 Rf8 14. Qh5+
Bh6 15. Qxf5+ Kh8 16. Qg6 Bg7 17. Qh5+ 1-0

[Event "Mondiale Semilampo FIDE 2014"]
[Site "Dubai"]
[Date "17.06.2014"]
[Round "8.37"]
[White "Durarbayli, Vasif"]
[Black "Lenic, Luka"]
[Result "0-1"]
[WhiteTitle "GM"]
[BlackTitle "GM"]
[WhiteElo "2590"]
[BlackElo "2659"]
[WhiteFideId "13402935"]
[BlackFideId "14603853"]
[EventDate "2014.06.16"]

1. e4 e5 2. Nf3 Nc6 3. Bb5 a6 4. Ba4 g6 5. c3 d6 6. d4 Bd7 7. d5 Nce7 8. c4 Bg7
9. Nc3 h6 10. O-O f5 11. Bxd7+ Qxd7 12. Ne1 Nf6 13. f3 O-O 14. Nd3 f4 15. c5 Kh8
16. Qa4 Qd8 17. Qb4 Rb8 18. b3 g5 19. Ba3 Ne8 20. Nb2 Rf6 21. Nc4 Bf8 22. cxd6
cxd6 23. Qb6 Qd7 24. Qa7 Qc7 25. Qb6 Qd7 26. Qa7 Qc7 27. Nb6 Nc8 28. Nxc8 Rxc8
29. Rac1 Qg7 30. Ne2 Rd8 31. Qb6 Qd7 32. Bb4 Ra8 33. Be1 h5 34. Bf2 Rg6 35. Kh1
Be7 36. Qb4 Kh7 37. Qc3 Bd8 38. g3 Nf6 39. Rg1 Rg8 40. Rg2 Qb5 41. a4 Qxe2 42.
Bg1 Nxe4 43. Qb4 Qxf3 44. Qxb7+ Be7 45. Rc7 Rae8 46. Rxe7+ Rxe7 47. Qxe7+ Rg7
48. Qf8 g4 49. Qf5+ Kh6 50. gxf4 Qxf4 51. Qe6+ Rg6 52. Qc8 Qf3 53. Qxa6 h4 54.
Qe2 Qf5 55. Be3+ Kh7 56. Rg1 g3 57. Rf1 Nf2+ 58. Bxf2 g2+ 59. Kg1 gxf1=Q+ 60.
Kxf1 Qb1+ 61. Be1 Rf6+ 62. Kg2 Qg6+ 63. Kh1 Rf4 64. h3 Qf5 65. Kh2 Rf3 66. Qg2
Qf4+ 67. Kg1 Qf5 68. Bxh4 Rxb3 69. Kh2 Rc3 70. Bf2 Rc2 71. Kg1 Ra2 72. Qg3 Ra1+
73. Kh2 Qe4 74. Qc3 Rh1+ 75. Kg3 Qf4+ 76. Kg2 Rh2+ 0-1

[Event "Mondiale Semilampo FIDE 2014"]
[Site "Dubai"]
[Date "17.06.2014"]
[Round "8.38"]
[White "Maletin, Pavel"]
[Black "Al-Sayed, Mohammed"]
[Result "1/2-1/2"]
[WhiteTitle "GM"]
[BlackTitle "GM"]
[WhiteElo "2588"]
[BlackElo "2505"]
[WhiteFideId "4146786"]
[BlackFideId "12100196"]
[EventDate "2014.06.16"]

1. d4 Nf6 2. c4 g6 3. g3 c5 4. Nf3 Bg7 5. Nc3 cxd4 6. Nxd4 O-O 7. Nc2 Qc7 8. Ne3
b6 9. Bg2 Bb7 10. Ned5 Nxd5 11. Nxd5 Bxd5 12. Bxd5 Nc6 13. Bf4 Be5 14. Bxe5 Qxe5
15. Qd2 Rac8 16. Rd1 Rfd8 17. O-O Kg7 18. f4 Qd6 19. Qc3+ Qf6 20. Qxf6+ Kxf6 21.
e4 Nb4 22. e5+ Kg7 23. b3 Nxa2 24. Ra1 Nb4 25. Rxa7 Nxd5 26. cxd5 Rc3 27. Rd1
Rxb3 28. d6 Kf8 29. Rb7 Rb2 30. dxe7+ Kxe7 31. Rd6 f6 32. Rdxb6 Rxb6 33. Rxb6
fxe5 34. fxe5 Rf8 35. Rd6 Rf5 36. Rd5 Rf7 37. Rd6 Rf3 38. Rd5 Rc3 39. Kg2 Rc2+
40. Kh3 h5 41. g4 hxg4+ 42. Kg3 Re2 43. Rd6 g5 44. Rd5 Re4 45. e6 Kxe6 46. Rxg5
d5 47. Rxg4 Re2 48. h4 Kf5 49. Rg5+ Ke4 50. h5 Re3+ 51. Kg2 Re2+ 52. Kg3 Re3+
53. Kg4 Re1 54. h6 Rh1 55. Rh5 Rg1+ 56. Kh3 Rh1+ 57. Kg4 Rg1+ 58. Kh3 Rh1+ 59.
Kg4 1/2-1/2